El objeto del siglo /

Guardado en:
Detalles Bibliográficos
Autor principal: Wajcman, Gérard (autor)
Formato: Libro
Idioma:Español
Publicado: Buenos Aires, Argentina : Amorrortu, 2001, c2001
Colección:(Mutaciones)
Temas:
Etiquetas: Agrega una etiqueta
Sin etiquetas, Sé el primero en etiquetar este registro!

MARC

LEADER 00000nam^a2200000^a^4500
001 000156925
005 20250521000000.0
009 20260310100521.7
020 |a 950-518-712-2 
037 |a Acervo ITESO - Biblioteca 
041 |a ESP 
082 |a 701.  |b WAJ 
100 |a Wajcman, Gérard  |e (autor) 
245 1 3 |a El objeto del siglo /  |c G. Wajcman ; 
264 4 |a Buenos Aires, Argentina :  |b Amorrortu,  |c 2001, c2001 
300 |a 239 p. 
336 |a texto  |b txt  |2 rdacontenido 
337 |a sin mediación  |b n  |2 rdamedio 
338 |a volumen  |b nc  |2 rdasoporte 
440 1 |a (Mutaciones) 
500 |a Traducción de: L'objet du siècle 
649 |a XX 
650 |a Cineastas Alemanes 
650 |a Cineastas Franceses 
650 |a Artistas Alemanes 
650 |a Artistas Franceses 
650 |a Artistas Rusos 
650 |a Escultura Alemana -  |x Historia y Crítica 
650 |a Arte Alemán -  |x Historia y Crítica 
650 |a Pintura Francesa -  |x Historia y Crítica 
650 |a Arte Objeto -  |z Francia -  |x Historia y Crítica 
650 |a Arte Francés -  |x Historia y Crítica 
650 |a Pintura Rusa -  |x Historia y Crítica 
650 |a Arte Ruso -  |x Historia y Crítica 
650 |a Muerte en el Arte -  |x Historia y Crítica 
650 |a Arte Moderno -  |x Historia y Crítica 
650 |a Arte y Política -  |x Historia y Crítica 
650 |a Arte y Sociedad -  |x Historia y Crítica 
650 |a Recepción y Apreciación del Arte 
650 |a Estética 
650 |a Duchamp, Marcel 
650 |a Gerz, Jochen 
650 |a Lanzmann, Claude 
650 |a Malévich, Kasimir 
910 |a Fondo General 
920 |a Impresos - Libros 
930 |a Colección General 
905 |a 101 
901 |a 0500085446  |b IT1  |c ACC  |u 20250521 
902 |a https://opac.biblio.iteso.mx/vufind/Record/000156925